000 00470nam a2200181Ia 4500
001 9204
005 20260306160706.0
008 260306t2005||||xx |||||||||||||| ||spa||
041 _aESP
082 _a375.001
_bR93
100 _aRuiz Ruiz, José María
_eAUT
245 0 _aTeoría del Currículum:
_bDiseño, desarrollo e innovación curricular
260 _c2005
300 _a335 páginas :
_c24 cm.
650 _aGEN
654 _aCED
942 _cLIB
_dJUS
_fJUS
_2ddc
_n
999 _c9204
_d9204